LEI - Marracash - Statistics

Statistiche generali
  • Questo quiz è stato fatto 70 volte
  • Il punteggio medio è 217 su 417
Statistiche sulle risposte
Hint Risposta % Corretto
65 | 85 | 154 le
100%
1 | 10 | 35 | +4 others Lei
100%
72 | 84 | 93 | +5 others lei
100%
355 | 377 lei"
100%
2 | 111 | 173 | +8 others è
97%
32 | 71 | 94 e
97%
57 E
97%
328 È
97%
354 | 376
97%
44 | 322 a
95%
11 m'
95%
394 (no)
90%
401 no?)
90%
334 c'
87%
4 | 15 | 48 | +12 others non
87%
114 | 131 | 141 (Non
87%
203 | 239 | 295 | +8 others Non
87%
254 | 274 | 291 | +3 others (non
87%
20 o
87%
252 | 329 la
82%
79 | 99 | 125 | +9 others un
82%
209 Ma
79%
30 | 83 | 92 | +4 others di
77%
356 | 378 Di
77%
63 | 68 mi
77%
81 | 90 Mi
77%
13 | 27 | 45 | 62 se
77%
323
77%
332 Se
77%
8 ambra
74%
9 (ambra)
74%
55 | 87 | 96 | +23 others che
74%
135 Che
74%
7 labbra
74%
28 | 197 | 341 ne
72%
156 | 159
72%
39 | 123 | 263 | +4 others una
72%
103 | 289 Una
72%
6 morbidissime
69%
5 rifatta
69%
16 | 296 vuol
69%
18 | 157 da
67%
50 | 107 | 149 | +3 others all'
64%
24 | 129 | 224 | +2 others come
62%
3 nature
59%
169 Sa
59%
19 mamma
56%
108 | 268 | 346 alba
54%
150 | 310 alba?
54%
21 balia
54%
22 (balia)
54%
26 bella
54%
201 in
54%
43 | 349 mai
51%
371 Mai
51%
147 si
51%
115 | 119 | 132 | +15 others credo
49%
404 dov'
49%
25 esser
49%
29 fotte
49%
166 | 171 | 180 | +5 others il
49%
58 io
49%
70 Io
49%
53 | 64 | 137 | 153 vuole
49%
117 | 277 | 369 | 417 esista
46%
121 | 134 | 144 | +6 others esista)
46%
17 farmi
46%
36 | 165 | 198 | 240 ha
46%
126 | 286 milione
46%
14 parla
46%
12 incolla
44%
33 Kendall
44%
34 (Kendall)
44%
23 Sceglie
44%
41 | 185 | 247 senza
44%
124 | 284 tra
44%
127 | 287 ci
41%
130 me
41%
340 Me
41%
100 | 299 nome
41%
102 | 140 | 259 | 301 perchè
41%
128 | 288 | 397 | 411 sarà
41%
46 stessa
41%
112 | 272 chissà
38%
75 cosmico
38%
49 crede
38%
40 guerra
38%
95 | 249 Ora
38%
42 arrendersi
36%
37 già
36%
31 Kylie
36%
51 oroscopo
36%
60 sul
36%
74 vuoto
36%
54 attenzioni
33%
86 cose
33%
56 costano
33%
113 dove
33%
38 fatto
33%
160 pappa
33%
101 | 139 | 258 | 300 Poi
33%
138 prove
33%
59 cado
31%
205 mia
31%
61 morbido
31%
73 nel
31%
364 | 386 | 391 sia
31%
167 | 208 suo
31%
179 Ama
28%
353 detto:
28%
375 detto
28%
146 | 307 relazione
28%
89 conosco
26%
104 costellazione
26%
98 darle
26%
155 faccia
26%
352 | 374 ho
26%
67 mani
26%
145 | 306 Ogni
26%
210 quando
26%
66 sue
26%
315 amore
23%
97 Dovrei
23%
207 sono
23%
148 conferma
21%
69 mordono
21%
215 noi
21%
82 | 91 piacciono
21%
214 solo
21%
106 svanisce
21%
109 | 122 | 269 | +3 others Uh
21%
403 vedo
21%
76 X-ray
21%
381 accetterei
18%
264 festa
18%
266 finisce
18%
158 padre
18%
363 | 385 | 393 | +3 others problema
18%
211 | 213 siamo
18%
184 sporca
18%
78 dentro
15%
182 ed
15%
216 Emorragia
15%
218 fluo
15%
177 guscio
15%
178 (guscio)
15%
217 lacrime
15%
181 sesso
15%
312 sogno
15%
321 Anche
13%
175 gioco
13%
161 graffia
13%
162 (graffia)
13%
168 gusto
13%
172 lusso
13%
357 | 379 meno
13%
344 ragione
13%
187 senso
13%
189 colpa
10%
232 | 238 contenuto
10%
317 così
10%
297 darmi
10%
318 forte
10%
80 involucro
10%
251 Avrei
8%
253 certezza
8%
163 Niente
8%
225 puoi
8%
243 | 330 sua
8%
347 svanirà
8%
236 tutto
8%
193 ad
5%
212 assieme
5%
195 attorno
5%
400 (boh
5%
408 boh
5%
331 conclusione
5%
235 emozioni
5%
192 Gode
5%
226 Quello
5%
308 ricomincia
5%
320 sopravvivrà
5%
248 strategia
5%
242 alla
3%
221 alleviare
3%
194 avermi
3%
200 bisogno
3%
245 Butta
3%
219 Cercare
3%
228 facciamo
3%
342 farò
3%
202 fondo
3%
246 fuori
3%
223 male
3%
199 mica
3%
164 mode
3%
233 Privo
3%
190 scotta
3%
191 (scotta)
3%
77 vede
3%
359 acceterei
0%
244 fantasia
0%
241 rinunciato
0%
Nessun quiz corrispondente trovato
Distribuzione punteggi
Percentuale di utenti per punteggio
Percentile per numero di risposta
I tuoi punteggi nel tempo
Non hai fatto questo quiz